Statistics for Level 3 (Reconsider Travel) Countries for Australians

Click here to take the quiz!

General Stats

  • This quiz has been taken 21 times
    (13 since last reset)
  • The average score is 7 of 11

Answers on the Map

Answers color-coded by a green-red scale on the quiz's map according to % correct below.
 

Answer Stats

Answer% Correct
Democratic Republic of the Congo
92%
Burundi
77%
Eritrea
77%
Mauritania
77%
Pakistan
77%
Ethiopia
69%
Lebanon
69%
Turkmenistan
69%
Nigeria
62%
Egypt
46%
El Salvador
31%

Score Distribution

Percentile by Number Answered

Percent of People with Each Score

Your Score History

You have not taken this quiz since the last reset